Normal view MARC view
  • Paper making machinery.

Entry Topical Term

Number of records used in: 3

001 - CONTROL NUMBER

  • control field: 1435

003 - CONTROL NUMBER IDENTIFIER

  • control field: NUST

005 - DATE AND TIME OF LATEST TRANSACTION

  • control field: 20170525132736.0

008 - FIXED-LENGTH DATA ELEMENTS

  • fixed length control field: 170525|| aca||aabn | a|a d

040 ## - CATALOGING SOURCE

  • Original cataloging agency: NUST
  • Transcribing agency: NUST

150 ## - HEADING--TOPICAL TERM

  • Topical term or geographic name entry element: Paper making machinery.

670 ## - SOURCE DATA FOUND

  • Source citation: Work cat.: (NUST)24131: Ronald Carter 1434, The Web of Words , c 2007
© 2023 Central Library, National University of Sciences and Technology. All Rights Reserved.